| 000 | 03148nam a2200313 i 4500 | ||
|---|---|---|---|
| 001 | TCPA 5 | ||
| 003 | gtcocun | ||
| 005 | 20250913010932.0 | ||
| 006 | a||||gr|||| 00| 0 | ||
| 008 | 250913b2013 gt ||||| m||| 00| 0 eng d | ||
| 040 |
_agtcocun _bSPA _cgtcocun _eRDA |
||
| 041 | _aSPA | ||
| 084 | _0TCPA 5 | ||
| 100 |
_aPeralta Botzoc, Bianca Alejandra _eAutor |
||
| 245 |
_aInforme final del Ejercicio Profesional Supervisado, realizado en la Municipalidad de San Juan Chamelco, Alta Verapaz/ _cBianca Alejandra Peralta Botzoc _hImpreso |
||
| 264 |
_aCobán, Alta Verapaz: _bUniversidad de San Carlos de Guatemala, Centro Universitario del Norte, Licenciatura en Contaduría Pública y Auditoría. _c2013 |
||
| 300 |
_a38 p.: _bIlustraciones, gráficas. _c28 cm; PDF |
||
| 336 |
_2rdacontenido _aTexto _btxt |
||
| 337 |
_2rdamedio _aComputadora _bn |
||
| 338 |
_2rdasoporte _aCódigo en línea _bcr |
||
| 502 | _e. | ||
| 502 |
_aTesis de grado _bLicenciatura en Contaduría Pública y Auditoría. _cUniversidad de San Carlos de Guatemala, Centro Universitario del Norte, Licenciatura en Contaduría Pública y Auditoría. _d2013 _oTCPA 5 |
||
| 520 | 1 | 4 | _aEl Centro Universitario del Norte – CUNOR – de la Universidad de San Carlos de Guatemala, previo a optar al título universitario en el grado de Licenciada, tiene como etapa el programa de Ejercicio Profesional Supervisado (EPS), este fue realizado en la Municipalidad de San Juan Chamelco, A.V. El proceso de Ejercicio Profesional Supervisado, incluyó la realización de una evaluación del sistema de control interno contable y administrativo del Área de Administración Financiera Integrada Municipal, -AFIM- específicamente en el área de caja y bancos. El control interno es una necesidad administrativa, de cualquier ente económico, para poder ejecutar un examen crítico de las transacciones, una adecuada salvaguarda de los activos y el cumplimiento de las funciones administrativas. El control en la Municipalidad de San Juan Chamelco, A.V., es de mucha importancia, tomando en cuenta que las áreas de planificación, recursos humanos, servicios públicos, tesorería, contabilidad y presupuesto deben operar conforme a los manuales implementados por la dirección y los sugeridos por la Contraloría General de Cuentas. La auditoría realizada está basada en el entendimiento de la entidad y en el análisis de riesgos, así como en los controles implantados para mitigarlos. Las técnicas y procedimientos se utilizaron en tres etapas: una primera, de iniciación que incluye el estudio preliminar de la entidad y la planificación del trabajo; una segunda, etapa que corresponde la ejecución, y por último la de finalización, que corresponde a la entrega del informe final. |
| 650 | 1 | 4 |
_2LEMB _aCobán, Alta Verapaz _xControl interno _xcaja y bancos _xingresos _xegresos _xcobros |
| 700 |
_aLic. Cont. Pub. y Aud. Miguel Alberto Klug Caal _eAsesor |
||
| 856 |
_uhttps://drive.google.com/file/d/1I5urRxDR6cOw_a6ZGJIIl_1CgUsGKtCE/view?usp=sharing _yPDF _zUn ejemplar en línea. |
||
| 942 |
_2ddc _n0 _cTES _iTCPA_5 _kClasificación _6TCPA__5 |
||
| 999 |
_c1843 _d1843 |
||